000 00740nam a2200241Ia 4500
003 OSt
005 20220923214711.0
006 a|||||r|||| 00| 0
007 ta
008 220922b |||||||| |||| 00| 0 hin d
024 _a171,778
037 _cTextual
040 _aARTS
_cARTS
_bhin
041 _2hin
_ahin
082 _aO152,3N28x, L4
100 _aवर्मा, केशव चन्द्र
245 0 _aबृहन्नला का वक्तव्य
246 _aBṛuhannalā kā vaktavya
260 _c1974
650 _aहिन्दी साहित्य
_9156264
942 _hO152,3N28x, L4
_cTEXL
_2CC
999 _c325919
_d325919